MARC details
| 000 -LEADER |
| fixed length control field |
01236cam a2200337 i 4500 |
| 003 - CONTROL NUMBER IDENTIFIER |
| control field |
3228 |
| 005 - DATE AND TIME OF LATEST TRANSACTION |
| control field |
20220505111121.0 |
| 008 - FIXED-LENGTH DATA ELEMENTS--GENERAL INFORMATION |
| fixed length control field |
eng |
| 020 ## - INTERNATIONAL STANDARD BOOK NUMBER |
| International Standard Book Number |
9781681191218 |
| Qualifying information |
(hardcover : alk. paper) |
| 020 ## - INTERNATIONAL STANDARD BOOK NUMBER |
| Canceled/invalid ISBN |
9781681191225 |
| Qualifying information |
(ebook) |
| 020 ## - INTERNATIONAL STANDARD BOOK NUMBER |
| Canceled/invalid ISBN |
9781681191232 |
| Qualifying information |
(epdf) |
| 040 ## - CATALOGING SOURCE |
| Original cataloging agency |
DLC |
| Language of cataloging |
eng |
| Transcribing agency |
DLC |
| Description conventions |
Resource Description and Access |
| Modifying agency |
DLC |
| 041 ## - LANGUAGE CODE |
| Language code of text/sound track or separate title |
English |
| 082 00 - DEWEY DECIMAL CLASSIFICATION NUMBER |
| Classification number |
J KERR |
| 264 #1 - PRODUCTION, PUBLICATION, DISTRIBUTION, MANUFACTURE, AND COPYRIGHT NOTICE |
| Place of production, publication, distribution, manufacture |
New York : |
| Name of producer, publisher, distributor, manufacturer |
Bloomsbury Children's Books, |
| Date of production, publication, distribution, manufacture, or copyright notice |
[2018] |
| 336 ## - CONTENT TYPE |
| Content type term |
text |
| Content type code |
txt |
| Source |
rdacontent |
| 336 ## - CONTENT TYPE |
| Content type term |
still image |
| Content type code |
sti |
| Source |
rdacontent |
| 337 ## - MEDIA TYPE |
| Media type term |
unmediated |
| Media type code |
n |
| Source |
rdamedia |
| 338 ## - CARRIER TYPE |
| Carrier type term |
volume |
| Carrier type code |
nc |
| Source |
rdacarrier |
| 100 1# - MAIN ENTRY--PERSONAL NAME |
| Personal name |
Kerr, Mike |
| Titles and words associated with a name |
(Art instructor), |
| Relator term |
author. |
| 9 (RLIN) |
130942 |
| 245 10 - TITLE STATEMENT |
| Title |
Crafty Llama / |
| Statement of responsibility, etc. |
Mike Kerr ; Illustrated by Renata Liwska. |
| 300 ## - PHYSICAL DESCRIPTION |
| Extent |
1 volume (unpaged) : |
| Other physical details |
color illustrations ; |
| Dimensions |
25 cm |
| 520 ## - SUMMARY, ETC. |
| Summary, etc. |
Llama knits while considering what special thing she wants to do, and soon all of her friends have joined her except Beaver, who only likes to make things that are useful. |
| 650 #1 - SUBJECT ADDED ENTRY--TOPICAL TERM |
| Topical term or geographic name entry element |
Knitting |
| Form subdivision |
Fiction. |
| 9 (RLIN) |
130943 |
| 650 #1 - SUBJECT ADDED ENTRY--TOPICAL TERM |
| Topical term or geographic name entry element |
Friendship |
| Form subdivision |
Fiction. |
| 9 (RLIN) |
130944 |
| 650 #1 - SUBJECT ADDED ENTRY--TOPICAL TERM |
| Topical term or geographic name entry element |
Llamas |
| Form subdivision |
Fiction. |
| 9 (RLIN) |
130945 |
| 650 #1 - SUBJECT ADDED ENTRY--TOPICAL TERM |
| Topical term or geographic name entry element |
Animals |
| Form subdivision |
Fiction. |
| 9 (RLIN) |
130791 |
| 700 1# - ADDED ENTRY--PERSONAL NAME |
| Personal name |
Liwska, Renata, |
| Relator term |
illustrator. |
| 9 (RLIN) |
130946 |
| 942 ## - ADDED ENTRY ELEMENTS |
| Source of classification or shelving scheme |
Dewey Decimal Classification |
| item type |
Book |